000 00480nam a2200169Ia 4500
003 GCL
008 140319s9999 xx 000 0 eng d
040 _aGCL /
_cGCL
082 0 4 _a796.01
_bW A
100 1 _aWILLIAMS, JEAN M.
245 1 0 _aAPPLIED SPORT PSYCHOLOGY: PERSONAL GROWTH TO PEAK PERFORMANCE, 2ND ED /
_cWILLIAMS, JEAN M.
260 _a[S.N] :
_bMAYFIELD PUBLISHING COMPANY ،
_c1993
300 _a383 P
650 0 4 _aCOACHING
650 0 4 _aSPORTS
942 _2ddc
_cBK
999 _c19531
_d19531